00411nam a2200157Ka 4500020001500000040000800015082002600023100001900049245003800068250001100106260004600117300003300163500001900196650001600215700002200231 a0804820686 cNTG a915 CHA 1998 A101 Or.1 aFerguson, Will14aThe hitchhiker's guide to Japan / a1st ed aRutland, Vt. :bCharles E. Tuttle,cc1998 a398 p. :bill, maps ;c18 cm aIncludes index 0aHitchhiking1 aMatsumoto, Terumi